A short history of the evangelical movement (Record no. 8033)

MARC details
000 -LEADER
fixed length control field 01386cam a2200325Ia 4500
001 - CONTROL NUMBER
control field 301731
003 - CONTROL NUMBER IDENTIFIER
control field GBCCL
005 - DATE AND TIME OF LATEST TRANSACTION
control field 20241126110642.0
006 - FIXED-LENGTH DATA ELEMENTS--ADDITIONAL MATERIAL CHARACTERISTICS
fixed length control field m||||fo||d| ||||||
007 - PHYSICAL DESCRIPTION FIXED FIELD--GENERAL INFORMATION
fixed length control field cr|g||008|pbda
008 - FIXED-LENGTH DATA ELEMENTS--GENERAL INFORMATION
fixed length control field 900615r19901915ilua s 001|0 eng d
020 ## - INTERNATIONAL STANDARD BOOK NUMBER
Canceled/invalid ISBN 0790566206 (microfiche)
035 ## - SYSTEM CONTROL NUMBER
System control number (OCoLC)689169895
035 ## - SYSTEM CONTROL NUMBER
System control number (ATLA)ATLAP000015443
040 ## - CATALOGING SOURCE
Transcribing agency GBC
043 ## -
-- e-uk-en
049 ## -
-- LBBR
082 ## - DEWEY DECIMAL CLASSIFICATION NUMBER
Classification number 270
Item number RUS
090 ## - LOCALLY ASSIGNED LC-TYPE CALL NUMBER (OCLC); LOCAL CALL NUMBER (RLIN)
Classification number (OCLC) (R) ; Classification number, CALL (RLIN) (NR) BR743
100 1# - MAIN ENTRY--PERSONAL NAME
Personal name Russell, George William Erskine,
Dates associated with a name 1853-1919.
9 (RLIN) 14018
245 12 - TITLE STATEMENT
Title A short history of the evangelical movement
Medium [electronic resource] /
Statement of responsibility, etc. by George W.E. Russell.
260 0# - PUBLICATION, DISTRIBUTION, ETC.
Place of publication, distribution, etc. London :
Name of publisher, distributor, etc. Mowbray ;
Place of publication, distribution, etc. Milwaukee, U.S.A. :
Name of publisher, distributor, etc. Young Churchman,
Date of publication, distribution, etc. 1915.
300 ## - PHYSICAL DESCRIPTION
Extent 1 online resource (xii, 150 p., [20] leaves of plates) :
Other physical details ill. ;
Dimensions 20 cm.
533 ## -
-- Electronic reproduction.
-- Ipswich, MA :
-- EBSCO,
-- 2009.
-- Electronic reproduction from microform master produced by the American Theological Library Association.
590 ## - LOCAL NOTE (RLIN)
Local note Digital version created by EBSCO from ATLA microform.
610 20 - SUBJECT ADDED ENTRY--CORPORATE NAME
Corporate name or jurisdiction name as entry element Church of England
General subdivision History.
9 (RLIN) 14019
651 #0 - SUBJECT ADDED ENTRY--GEOGRAPHIC NAME
Geographic name England
General subdivision Church history.
9 (RLIN) 14020
856 40 - ELECTRONIC LOCATION AND ACCESS
Materials specified Full text available
Public note LBC Link to Full Text; Click for Access
Uniform Resource Identifier <a href="http://lbc.idm.oclc.org:80/login?url=http://search.ebscohost.com/login.aspx?direct=true&db=h8h&bquery=(HJ+5Z1A)&type=1&site=ehost-live">http://lbc.idm.oclc.org:80/login?url=http://search.ebscohost.com/login.aspx?direct=true&db=h8h&bquery=(HJ+5Z1A)&type=1&site=ehost-live</a>
942 ## - ADDED ENTRY ELEMENTS (KOHA)
Source of classification or shelving scheme Dewey Decimal Classification
Koha item type Books
Koha issues (borrowed), all copies 3
Holdings
Withdrawn status Lost status Source of classification or shelving scheme Damaged status Not for loan Home library Current Library Shelving location Date acquired Source of acquisition Cost, normal purchase price Total checkouts Total renewals Full call number Barcode Date last seen Date last checked out Copy number Cost, replacement price Price effective from Koha item type
    Dewey Decimal Classification     GRACE BIBLE COLLEGE GRACE BIBLE COLLEGE Church History 2019-05-14 13 2061.00 3 1 270 RUS 014934 2025-05-01 2023-10-09 c.1 2061.00 2019-05-14 Books
© Grace Bible College Library 2025